[Event "Pan American-ch U2000"]
[Site "Carilo Village"]
[Date "2016.10.27"]
[Round "5"]
[White "Villafane, Jorge Segundo"]
[Black "Croes, Octavio"]
[Result "0-1"]
[WhiteElo "1710"]
[BlackElo "1850"]
[PlyCount "32"]
[EventDate "2016.10.25"]
[EventType "swiss"]
[EventRounds "9"]
[EventCountry "ARG"]
[SourceTitle "EXT 2022"]
[Source "ChessBase"]
[SourceDate "2021.10.06"]
[SourceVersion "1"]
[SourceVersionDate "2021.10.06"]
[SourceQuality "1"]

1. e4 c5 2. Nf3 d6 3. Nc3 Nf6 4. d4 cxd4 5. Nxd4 a6 6. Bc4 e6 7. Bb3 Be7 8. 0-0 0-0 9. f3 Bd7 10. Be3 Nc6 11. Bc4 Qc7 12. Be2 b5 13. a3 Rad8 14. Qe1 d5 15. exd5 Nxd5 16. Bf2 e5 0-1

[Event "ARG-ch sf U1700"]
[Site "San Luis"]
[Date "2016.07.10"]
[Round "7.1"]
[White "Mora, Oriana"]
[Black "Villafane, Jorge Segundo"]
[Result "1/2-1/2"]
[WhiteElo "1575"]
[BlackElo "1654"]
[PlyCount "36"]
[EventDate "2016.07.08"]
[EventType "swiss"]
[EventRounds "7"]
[EventCountry "ARG"]
[SourceTitle "EXT 2024"]
[Source "ChessBase"]
[SourceDate "2023.10.10"]
[SourceVersion "1"]
[SourceVersionDate "2023.10.10"]
[SourceQuality "1"]

1. d4 d5 2. c4 dxc4 3. Nc3 g6 4. e4 Bg7 5. Nf3 Bg4 6. d5 e6 7. Bxc4 Bxc3+ 8. bxc3 Qf6 9. Qd4 Bxf3 10. Qxf6 Nxf6 11. gxf3 exd5 12. exd5 Nbd7 13. Bb3 0-0 14. 0-0 Ne5 15. Kg2 Kg7 16. c4 b6 17. Bb2 Nd3 18. Bc3 Nf4+ 1/2-1/2

[Event "ARG-ch sf U1700"]
[Site "San Luis"]
[Date "2016.07.09"]
[Round "3.2"]
[White "Morelli, Daniel"]
[Black "Villafane, Jorge Segundo"]
[Result "0-1"]
[WhiteElo "1392"]
[BlackElo "1654"]
[PlyCount "36"]
[EventDate "2016.07.08"]
[EventType "swiss"]
[EventRounds "7"]
[EventCountry "ARG"]
[SourceTitle "EXT 2024"]
[Source "ChessBase"]
[SourceDate "2023.10.10"]
[SourceVersion "1"]
[SourceVersionDate "2023.10.10"]
[SourceQuality "1"]

1. d4 Nf6 2. c4 e5 3. dxe5 Ng4 4. Nf3 Bc5 5. e3 Nc6 6. Be2 Ncxe5 7. Nxe5 Nxe5 8. b3 0-0 9. 0-0 a5 10. Bb2 Re8 11. Nc3 Ra6 12. Ne4 Ba7 13. Qc2 Rh6 14. Bd4 Qh4 15. h3 d6 16. Ng3 Bxh3 17. Qe4 Bg4 18. f3 Nxf3+ 0-1

[Event "ARG-ch sf U1700"]
[Site "San Luis"]
[Date "2016.07.09"]
[Round "4.1"]
[White "Villafane, Jorge Segundo"]
[Black "Gomez Reyes, Solana"]
[Result "1-0"]
[WhiteElo "1654"]
[BlackElo "1560"]
[PlyCount "101"]
[EventDate "2016.07.08"]
[EventType "swiss"]
[EventRounds "7"]
[EventCountry "ARG"]
[SourceTitle "EXT 2024"]
[Source "ChessBase"]
[SourceDate "2023.10.10"]
[SourceVersion "1"]
[SourceVersionDate "2023.10.10"]
[SourceQuality "1"]

1. e4 c5 2. Nf3 d6 3. Nc3 Nf6 4. d4 cxd4 5. Nxd4 g6 6. Be2 Bg7 7. 0-0 a6 8. Kh1 Nc6 9. Nxc6 bxc6 10. Bf3 Bb7 11. Bg5 0-0 12. Qd2 Rb8 13. a3 Ba8 14. b3 c5 15. Rad1 Qc7 16. Nd5 Nxd5 17. exd5 a5 18. a4 Rb4 19. Qe2 Be5 20. Bd2 Rbb8 21. Qc4 Bb7 22. Be2 Bc8 23. f4 Bd4 24. Be1 Bf5 25. Rxd4 Qd7 26. Rd1 e6 27. Bf3 Qd8 28. g4 exd5 29. Bxd5 Bxg4 30. Rd2 Rb4 31. Qc3 Qd7 32. Kg1 Bh3 33. Rff2 Re8 34. Rd3 Qg4+ 35. Rg3 Qd1 36. Re3 Rxe3 37. Qxe3 Qxd5 38. Bxb4 Qd1+ 39. Be1 Bf5 40. Rd2 Qc1 41. Kf2 Bxc2 42. Qc3 d5 43. Rxc2 Qxf4+ 44. Kg1 Qg4+ 45. Bg3 Qd1+ 46. Kg2 d4 47. Qd2 Qb1 48. Rxc5 Qxb3 49. Rc8+ Kg7 50. Qxd4+ f6 51. Rc7+ 1-0